Rozvoj a podpora podnikateľských aktivít v málo rozvinutých regiónoch krajín strednej a východnej Európy
Enregistré dans:
| Collectivité auteur: | |
|---|---|
| Autres auteurs: | , , |
| Format: | Livre |
| Langue: | slovaque |
| Publié: |
Bratislava
Vydavateľstvo EKONÓM
2003
|
| Sujets: | |
| Tags: |
Pas de tags, Soyez le premier à ajouter un tag!
|
MARC
| LEADER | 00000nlm$a2200000$$$4500 | ||
|---|---|---|---|
| 001 | 0121713 | ||
| 005 | 20240502072359.5 | ||
| 020 | |a 80-225-1723-2 | ||
| 041 | 0 | |a slo | |
| 044 | |a SK | ||
| 245 | 1 | 0 | |a Rozvoj a podpora podnikateľských aktivít v málo rozvinutých regiónoch krajín strednej a východnej Európy |c editor Martin Beca |
| 264 | 1 | |a Bratislava |b Vydavateľstvo EKONÓM |c 2003 | |
| 300 | |a CD-ROM | ||
| 610 | 2 | 0 | |a podpora podnikania |
| 610 | 2 | 0 | |a podnikanie |
| 610 | 2 | 0 | |a stredná Európa |
| 610 | 2 | 0 | |a východná Európa |
| 610 | 2 | 0 | |a regióny |
| 700 | 1 | |a Beca, Martin | |
| 700 | 1 | |a Bobáková, Viktória | |
| 700 | 1 | |a Daňková, Alena | |
| 710 | 2 | |a Ekonomická univerzita v Bratislave. Podnikovohospodárska fakulta so sídlom v Košiciach | |